Southville International School and Colleges
Your cart is empty.
  • Cart
  • Lists
    Public lists Eva Luna New books Lux_list list_1
    Your lists Log in to create your own lists
  • Log in to your account
  • Your cookies
  • Search history
Southville International School and Colleges
  • Advanced search
  • Recent comments
  • Most popular
  • Libraries

Log in to your account

Log in with GOOGLE


If you do not have an external account, but do have a local account, you can still log in:

  1. Home
  2. MARC view: Scholastic children's dictionary /
Normal view MARC view ISBD view

Scholastic children's dictionary / (Record no. 112324)

[ view plain ]
MARC details
000 -LEADER
fixed length control field 00516nam a2200169 a 4500
001 - CONTROL NUMBER
control field 2935
005 - DATE AND TIME OF LATEST TRANSACTION
control field 20140414131933.0
008 - FIXED-LENGTH DATA ELEMENTS--GENERAL INFORMATION
fixed length control field 051130s19uu xx 00 eng d
020 ## - INTERNATIONAL STANDARD BOOK NUMBER
International Standard Book Number 0-590-25271-2
050 ## - LIBRARY OF CONGRESS CALL NUMBER
Classification number REF 423
Item number Sc6 1996
245 ## - TITLE STATEMENT
Title Scholastic children's dictionary /
Statement of responsibility, etc by the Editors of Scholastic Inc.
260 ## - PUBLICATION, DISTRIBUTION, ETC. (IMPRINT)
Place of publication, distribution, etc New York :
Name of publisher, distributor, etc Scholastic Reference,
Date of publication, distribution, etc 1996.
300 ## - PHYSICAL DESCRIPTION
Extent 648 p. ; cm.
500 ## - GENERAL NOTE
General note Includes index.
650 ## - SUBJECT ADDED ENTRY--TOPICAL TERM
Topical term or geographic name as entry element English language - Dictionaries.
General subdivision Juvenile literature
Holdings
Withdrawn status Lost status Damaged status Use restrictions Home library Current library Shelving location Date acquired Source of acquisition Cost, normal purchase price Total Checkouts Full call number Barcode Date last seen Price effective from Koha item type
        Munich Library Munich Library Reference Section 11/30/2005   685.00   REF 423 Sc6 1996 M3585 04/14/2014 04/14/2014 Books

Scholastic children's dictionary /

APA

(1996). Scholastic children's dictionary. New York: Scholastic Reference.

Chicago

1996. Scholastic children's dictionary. New York: Scholastic Reference.

Harvard

(1996). Scholastic children's dictionary. New York: Scholastic Reference.

MLA

Scholastic children's dictionary. New York: Scholastic Reference. 1996.

  • Place hold
  • Print
  • Cite
  • Add to your cart (remove)
  • Save record
    BIBTEX Dublin Core MARCXML MARC (non-Unicode/MARC-8) MARC (Unicode/UTF-8) MARC (Unicode/UTF-8, Standard) MODS (XML) RIS
  • More searches
    Search for this title in:
    Other Libraries (WorldCat) Other Databases (Google Scholar) Online Stores (Bookfinder.com) Open Library (openlibrary.org)

Exporting to Dublin Core...

SOUTHVILLE LIBRARY

Southville International School and Colleges Library

1281 Tropical Ave. Cor. Luxembourg St., BF Homes International, Las Pinas City

Tel. No. 8256374 / 252358 Loc. 117/146

Powered by Koha